Construction accidents (Record no. 73640)
[ view plain ]
| 000 -LEADER | |
|---|---|
| fixed length control field | 01222cam a2200217 4500 |
| 001 - CONTROL NUMBER | |
| control field | WB3940-08 |
| 008 - FIXED-LENGTH DATA ELEMENTS--GENERAL INFORMATION | |
| fixed length control field | 031023n2003 000 0 eng u |
| 035 ## - SYSTEM CONTROL NUMBER | |
| System control number | (Sirsi) u123989 |
| 245 ## - TITLE STATEMENT | |
| Title | Construction accidents |
| 260 ## - PUBLICATION, DISTRIBUTION, ETC. | |
| Date of publication, distribution, etc. | 2003 |
| 490 ## - SERIES STATEMENT | |
| Series statement | Health & Safety Executive |
| Volume/sequential designation | (E208) 23 October 2003, (3) |
| 520 ## - SUMMARY, ETC. | |
| Summary, etc. | Two studies published today show the most dangerous activity on construction sites are often normal activities of handling materials or walking across the sites. These studies were conducted by engineering consultants Bomel Ltd and Loughborough University. Theseinvestigations were completely separate but produced a number of similar findings. Suggestions from the survey included the fact that accident investigation was often superficial and poor supervision and communication were often a significant contributor to accidents. For the HSE news release: http://www.gnn.gov.uk/gnn/national.nsf/Today's+Releases+Frame/D1F92145E81C25D980256DC8004D9D5C?opendocument |
| 590 ## - LOCAL NOTE (RLIN) | |
| Local note | WB |
| 650 ## - SUBJECT ADDED ENTRY--TOPICAL TERM | |
| Topical term or geographic name entry element | HEALTH AND SAFETY EXECUTIVE |
| 650 ## - SUBJECT ADDED ENTRY--TOPICAL TERM | |
| Topical term or geographic name entry element | HSE |
| 650 ## - SUBJECT ADDED ENTRY--TOPICAL TERM | |
| Topical term or geographic name entry element | CONSTRUCTION ACCIDENTS |
| 650 ## - SUBJECT ADDED ENTRY--TOPICAL TERM | |
| Topical term or geographic name entry element | BOMBEL LTD |
| 650 ## - SUBJECT ADDED ENTRY--TOPICAL TERM | |
| Topical term or geographic name entry element | LOUGHBOROUGH UNIVERSITY |
| 690 ## - LOCAL SUBJECT ADDED ENTRY--TOPICAL TERM (OCLC, RLIN) | |
| Topical term or geographic name as entry element | Health and safety |
| 9 (RLIN) | 6244 |
| 942 ## - ADDED ENTRY ELEMENTS (KOHA) | |
| Suppress in OPAC | 0 |
| Withdrawn status | Lost status | Source of classification or shelving scheme | Damaged status | Not for loan | Home library | Current library | Shelving location | Date acquired | Total Checkouts | Full call number | Barcode | Date last seen | Copy number | Price effective from | Koha item type |
|---|---|---|---|---|---|---|---|---|---|---|---|---|---|---|---|
| Dewey Decimal Classification | London | London | News article | 23/10/2003 | WB3940-08 | 123989-1001 | 06/08/2019 | 1 | 06/08/2019 | News article |